UBT Library

Children between the wars : (Record no. 38929)

000 -LEADER
fixed length control field 00772cam a2200253 a 4500
001 - CONTROL NUMBER
control field 4490789
005 - DATE AND TIME OF LATEST TRANSACTION
control field 20171214070521.0
008 - FIXED-LENGTH DATA ELEMENTS--GENERAL INFORMATION
fixed length control field 970806s1997 nyua b 001 0 eng
010 ## - LIBRARY OF CONGRESS CONTROL NUMBER
LC control number 97036623
020 ## - INTERNATIONAL STANDARD BOOK NUMBER
International Standard Book Number 0805741143
035 ## - SYSTEM CONTROL NUMBER
System control number (DLC) 97036623
040 ## - CATALOGING SOURCE
Original cataloging agency DLC
Transcribing agency DLC
Modifying agency DLC
041 ## - LANGUAGE CODE
Language code of text/sound track or separate title eng
043 ## - GEOGRAPHIC AREA CODE
Geographic area code n-us---
080 ## - UNIVERSAL DECIMAL CLASSIFICATION NUMBER
Universal Decimal Classification number 32 HAW
082 00 - DEWEY DECIMAL CLASSIFICATION NUMBER
Classification number 32 HAW
Edition number 21
100 1# - Rafti
Rafti 19
101 ## - Shkurtesa
Shkurtesa HIS
245 10 - TITLE STATEMENT
Title Children between the wars :
Statement of responsibility, etc Joseph M. Hawes.
504 ## - BIBLIOGRAPHY, ETC. NOTE
Bibliography, etc Includes bibliographical references (p. 152-161) and index.
906 ## - LOCAL DATA ELEMENT F, LDF (RLIN)
a 7
b cbc
c orignew
d 1
e ocip
f 19
g y-gencatlg
942 ## - ADDED ENTRY ELEMENTS (KOHA)
Source of classification or shelving scheme
Item type Books
Holdings
Withdrawn status Lost status Source of classification or shelving scheme Damaged status Not for loan Permanent location Current location Date acquired Total Checkouts Full call number Barcode Date last seen Price effective from Koha item type
          UBT - Lipjan UBT - Lipjan 12/14/2017   32 HAW 002-2939077 12/14/2017 12/14/2017 Books
UBT Library © 2015-2024. All rights reserved University Education for Business and Technology